| 000 | 00814nam a2200205 4500 | ||
|---|---|---|---|
| 001 | 121936 | ||
| 003 | ES-MaACL | ||
| 007 | t| | ||
| 008 | 070214s1985 sp r ||||1| spa d | ||
| 100 | 1 |
_aPoch y Torres, Ramón. _992702 |
|
| 245 | 1 | 3 |
_aLa censura de cuentas _b: manual básico de auditoría / _cpor Ramón Poch y Torres ; prólogo del Dr. Roberto García Cairó. |
| 250 | _a4ª ed. act. | ||
| 260 |
_aBarcelona : _bEd. Hispano-Europea, _c1985. |
||
| 300 | _aXXVIII, 394 p. | ||
| 490 | 1 | _aBiblioteca de Dirección, organización y administración de empresas . Técnicas administrativas | |
| 700 | 1 |
_aGarcía Cairo, Roberto. _9186545 |
|
| 830 | 0 | 0 |
_aBiblioteca de dirección, organización y administración de empresas _9183673 |
| 852 |
_aES-MaACL _jL-8181 _bR.108764 |
||
| 999 |
_c121936 _d121936 |
||